[Event "Vårsjakken i Tromsø NGP 2025"]
[Site "Kongsbakken"]
[Date "2025.03.22"]
[Round "4"]
[White "Mela, Ronny S"]
[Black "Strøm, Henrik M."]
[Result "1/2-1/2"]
[WhiteElo "1675"]
[BlackElo "1672"]
[PlyCount "95"]
[EventDate "2025.??.??"]

1. Nf3 Nf6 2. c4 c5 3. g3 Nc6 4. Bg2 g6 5. O-O Bg7 6. d4 cxd4 7. Nxd4 O-O 8.
Nc3 e5 9. Ndb5 a6 10. Nd6 Qc7 11. Rb1 Nd4 12. Nxc8 Raxc8 13. e3 Ne6 14. b3 Rfe8
15. Nd5 Nxd5 16. Qxd5 Qc6 17. Qd3 Qc7 18. Ba3 Bf8 19. Bxf8 Rxf8 20. Rfd1 Nc5
21. Qd5 b6 22. Rd2 Rcd8 23. Rbd1 Rfe8 24. h4 e4 25. b4 Na4 26. Qd4 Qc6 27. b5
axb5 28. cxb5 Qxb5 29. Bxe4 Nc5 30. Bd5 Ne6 31. Qf6 Rc8 32. h5 Qc5 33. h6 Qf8
34. Bb7 Rc7 35. Rxd7 Rxd7 36. Rxd7 Nc5 37. Rc7 Ne6 38. Rc6 Qxh6 39. Rxb6 Qh5
40. Bf3 Qa5 41. Rb7 Rf8 42. Qb2 Nc5 43. Rb8 Nd3 44. Rxf8+ Kxf8 45. Qb1 Qd2 46.
Qf1 Ne5 47. Qe2 Nxf3+ 48. Qxf3 1/2-1/2

[Event "Vårsjakken i Tromsø NGP 2025"]
[Site "Kongsbakken"]
[Date "2025.03.22"]
[Round "4"]
[White "Sørensen, Olav N."]
[Black "Groven, Henry"]
[Result "1-0"]
[WhiteElo "1646"]
[BlackElo "1468"]
[PlyCount "88"]
[EventDate "2025.??.??"]

1. e4 c6 2. Nc3 d5 3. Nf3 Bg4 4. d4 dxe4 5. Nxe4 Nf6 6. Nxf6+ exf6 7. Be2 Bd6
8. O-O O-O 9. c4 c5 10. dxc5 Bxc5 11. Bf4 Nc6 12. a3 a5 13. Qb3 Re8 14. Qxb7
Rxe2 15. Qxc6 Bxf3 16. Qxc5 Bb7 17. Rad1 Qe8 18. Qb6 Qe4 19. Rd8+ Rxd8 20.
Qxd8+ Qe8 21. Qxe8+ Rxe8 22. c5 Bc6 23. Rb1 Re2 24. b4 axb4 25. axb4 Bb5 26.
Rc1 Bc6 27. Rd1 h6 28. h3 Re4 29. Bd2 Rd4 30. Kf1 Ba4 31. Ra1 Bb5+ 32. Ke1 Re4+
33. Kd1 Re5 34. Ra5 Bc6 35. g3 Kf8 36. Bf4 Rd5+ 37. Kc2 Ke8 38. Bd6 Kd7 39.
Ra7+ Ke8 40. Re7+ Kd8 41. Rxf7 Ba4+ 42. Kc3 Rg5 43. h4 Rg4 44. f3 Re4 1-0

[Event "Vårsjakken i Tromsø NGP 2025"]
[Site "Kongsbakken"]
[Date "2025.03.22"]
[Round "4"]
[White "Schouten, Ken R."]
[Black "Rostad, Øystein"]
[Result "1-0"]
[WhiteElo "1550"]
[BlackElo "1576"]
[PlyCount "61"]
[EventDate "2025.??.??"]

1. d4 d5 2. Nc3 Nf6 3. Bf4 c6 4. e3 Bf5 5. Bd3 Bxd3 6. cxd3 e6 7. Nf3 Bd6 8.
Ne5 O-O 9. O-O Qc7 10. Rc1 a6 11. Bg3 Qe7 12. Na4 Nbd7 13. f4 Rac8 14. Bh4 Rc7
15. a3 b5 16. Nc5 Bxc5 17. Nxd7 Rxd7 18. Rxc5 Rc7 19. Rf2 g6 20. Rfc2 Rfc8 21.
Qc1 Kg7 22. Rxc6 Rxc6 23. Rxc6 Ra8 24. Qc3 Qb7 25. Rc7 Qb6 26. Bxf6+ Kxf6 27.
Qc5 Qxc5 28. dxc5 a5 29. Rb7 b4 30. axb4 axb4 31. Rxb4 1-0

[Event "Vårsjakken i Tromsø NGP 2025"]
[Site "Kongsbakken"]
[Date "2025.03.22"]
[Round "4"]
[White "Ricaud, Anthonin"]
[Black "Wintervold, Ask"]
[Result "0-1"]
[WhiteElo "1491"]
[BlackElo "1462"]
[PlyCount "150"]
[EventDate "2025.??.??"]

1. d4 Nf6 2. Nf3 g6 3. e3 Bg7 4. Bd3 d6 5. b3 O-O 6. Bb2 b6 7. Nbd2 c5 8. Ne4
Nbd7 9. d5 Nxe4 10. Bxg7 Nxf2 11. Kxf2 Kxg7 12. Rf1 Nf6 13. e4 Ng4+ 14. Ke2 a5
15. h3 Nf6 16. a4 Ba6 17. c4 Qd7 18. Kd2 Rfe8 19. Qe2 e6 20. e5 exd5 21. exf6+
Kg8 22. Qf2 dxc4 23. Qh4 h5 24. g4 Qe6 25. Rae1 Qd5 26. Rxe8+ Rxe8 27. gxh5
Qxh5 28. Qxh5 gxh5 29. Rg1+ Kh8 30. bxc4 Rg8 31. Ng5 Rf8 32. Be2 h4 33. Ne4 d5
34. cxd5 Bxe2 35. Kxe2 c4 36. Ke3 b5 37. Nc3 b4 38. Nb5 c3 39. Kd3 Rc8 40. Rc1
Kh7 41. d6 Kg6 42. Kd4 c2 43. Ke5 b3 44. d7 Rd8 45. Rg1+ Kh6 46. Na3 Rxd7 47.
Nxc2 bxc2 48. Rc1 Rc7 49. Kd6 Rc3 50. Ke7 Kg6 51. Rg1+ Kh5 52. Rc1 Rc7+ 53. Kd6
Rc4 54. Kd5 Rc8 55. Kd6 Kg5 56. Kd7 Rc3 57. Ke7 Rc7+ 58. Kd6 Rc3 59. Ke7 Kf5
60. Kxf7 Rc7+ 61. Ke8 Kxf6 62. Kd8 Rc3 63. Rf1+ Ke5 64. Re1+ Kd4 65. Re7 c1=Q
66. Rd7+ Ke3 67. Re7+ Kd2 68. Rd7+ Rd3 69. Rxd3+ Kxd3 70. Ke7 Qc6 71. Kf7 Ke4
72. Kg7 Qe6 73. Kh7 Qf6 74. Kg8 Qe7 75. Kh8 Kf5 0-1

[Event "Vårsjakken i Tromsø NGP 2025"]
[Site "Kongsbakken"]
[Date "2025.03.22"]
[Round "5"]
[White "Wintervold, Ask"]
[Black "Mela, Ronny S"]
[Result "0-1"]
[WhiteElo "1462"]
[BlackElo "1675"]
[PlyCount "111"]
[EventDate "2025.??.??"]

1. d4 d5 2. c4 e5 3. dxe5 d4 4. Nf3 Nc6 5. Bg5 f6 6. exf6 gxf6 7. Bf4 Bg4 8.
Nbd2 Bd6 9. Bxd6 Qxd6 10. g3 O-O-O 11. Bg2 Nh6 12. O-O Rhe8 13. Re1 Nf7 14. Qc2
f5 15. h3 Bxf3 16. Qxf5+ Rd7 17. Bxf3 Nh6 18. Qd3 Ne5 19. Qb3 Nxf3+ 20. exf3
Rg8 21. g4 Nf5 22. Ne4 Qc6 23. Qb5 Qxb5 24. cxb5 Rg6 25. Nc5 Rd8 26. Rac1 Nh4
27. Re7 Nxf3+ 28. Kf1 Rgg8 29. Rxh7 Rge8 30. Nxb7 Rd7 31. Rxd7 Kxd7 32. Nc5+
Kd6 33. Nd3 Rh8 34. Rc6+ Kd7 35. Nc5+ Kc8 36. Rf6 Ne5 37. Kg2 d3 38. Nxd3 Nxd3
39. b3 Nc1 40. Ra6 Kb7 41. Kg3 Ne2+ 42. Kg2 Nd4 43. a4 Nxb3 44. Kg3 Nc5 45. Rf6
Ne4+ 46. Kf4 Nxf6 47. h4 Kb6 48. h5 Rg8 49. f3 Ka5 50. Kf5 Nh7 51. h6 Kxa4 52.
f4 Kxb5 53. g5 a5 54. g6 Rf8+ 55. Ke6 Rf6+ 56. Ke7 0-1

[Event "Vårsjakken i Tromsø NGP 2025"]
[Site "Kongsbakken"]
[Date "2025.03.22"]
[Round "5"]
[White "Sørensen, Olav N."]
[Black "Bakkevoll, Johannes"]
[Result "1-0"]
[WhiteElo "1646"]
[BlackElo "1579"]
[PlyCount "41"]
[EventDate "2025.??.??"]

1. e4 c6 2. Nc3 d5 3. Nf3 dxe4 4. Nxe4 Nd7 5. Bc4 Ngf6 6. Qe2 Nxe4 7. Qxe4 Nf6
8. Qh4 Bf5 9. d3 e6 10. O-O Be7 11. Re1 Ne4 12. Qf4 Nf6 13. Nd4 Bd6 14. Qxf5
Bxh2+ 15. Kxh2 Qxd4 16. Qf4 Qc5 17. Kg1 h5 18. Qg5 Qb4 19. c3 Qf8 20. Be3 Rh6
21. Qc5 1-0

[Event "Vårsjakken i Tromsø NGP 2025"]
[Site "Kongsbakken"]
[Date "2025.03.22"]
[Round "5"]
[White "Carstens, Ken M."]
[Black "Ricaud, Anthonin"]
[Result "1-0"]
[WhiteElo "1597"]
[BlackElo "1491"]
[PlyCount "122"]
[EventDate "2025.??.??"]

1. Nf3 c5 2. g3 d5 3. Bg2 Nc6 4. O-O e5 5. d3 Nf6 6. Bg5 Be7 7. Re1 h6 8. Bxf6
Bxf6 9. Nc3 Be6 10. Nd2 O-O 11. e4 Ne7 12. exd5 Nxd5 13. Nce4 b6 14. Nxf6+ Qxf6
15. c4 Nb4 16. Bxa8 Rxa8 17. Ne4 Qe7 18. a3 Nc6 19. Qf3 Nd4 20. Qd1 Qc7 21. Nd2
Bh3 22. Nf3 Qc6 23. Re3 f5 24. b4 f4 25. Re4 Bf5 26. Nxd4 cxd4 27. Rxe5 Bh3 28.
Re4 Kh7 29. Qf3 Re8 30. Rxf4 Qxf3 31. Rxf3 Bg4 32. Rf4 Be2 33. Rxd4 Re5 34. a4
Kg6 35. Re4 Rxe4 36. dxe4 Bxc4 37. f4 a5 38. bxa5 bxa5 39. Rc1 Bb3 40. Rc5 Bxa4
41. Rxa5 Bc2 42. e5 Bf5 43. Ra6+ Kh5 44. e6 Bd3 45. Ra7 Kg6 46. e7 Kf7 47. Kf2
h5 48. Kf3 g6 49. g4 hxg4+ 50. Kxg4 Bf5+ 51. Kg5 Be4 52. h4 Bf5 53. h5 Be4 54.
e8=Q+ Kxe8 55. hxg6 Kf8 56. f5 Bd5 57. f6 Kg8 58. Kh6 Kf8 59. Rd7 Bc6 60. g7+
Ke8 61. Re7+ Kd8 1-0

[Event "Vårsjakken i Tromsø NGP 2025"]
[Site "Kongsbakken"]
[Date "2025.03.22"]
[Round "5"]
[White "Groven, Henry"]
[Black "Schouten, Ken R."]
[Result "1-0"]
[WhiteElo "1468"]
[BlackElo "1550"]
[PlyCount "60"]
[EventDate "2025.??.??"]

1. e4 c6 2. d4 d5 3. Nc3 dxe4 4. Nxe4 Bf5 5. Bd3 e6 6. Nf3 Nf6 7. Nxf6+ Qxf6 8.
Bg5 Qg6 9. O-O Bxd3 10. cxd3 Nd7 11. Bf4 Be7 12. Rc1 O-O 13. a3 Rac8 14. Qd2
Rfd8 15. Rfe1 Bf6 16. Re3 c5 17. Ne5 Bxe5 18. dxe5 Nb6 19. Rg3 Qh5 20. Bh6 g6
21. Bg5 Rd5 22. Bf6 Nd7 23. Rh3 Qf5 24. Qh6 Nxf6 25. exf6 Qxf6 26. Qxh7+ Kf8
27. Qh8+ Ke7 28. Qxc8 Qxb2 29. Qc7+ Kf6 30. Rf3+ Kg5 1-0

[Event "Vårsjakken i Tromsø NGP 2025"]
[Site "Kongsbakken"]
[Date "2025.03.23"]
[Round "6"]
[White "Mathisen, Pål S."]
[Black "Sørensen, Olav N."]
[Result "1-0"]
[WhiteElo "1754"]
[BlackElo "1646"]
[PlyCount "107"]
[EventDate "2025.??.??"]

1. c4 e5 2. Nc3 Bb4 3. Nd5 Ba5 4. Nf3 c6 5. b4 cxd5 6. bxa5 e4 7. Nd4 Nc6 8.
Nb5 Qxa5 9. Nd6+ Kf8 10. cxd5 Qxd5 11. Ba3 Nge7 12. Qb3 Qxb3 13. axb3 Kg8 14.
e3 h5 15. d4 exd3 16. Bxd3 Ne5 17. Be4 N5c6 18. O-O b6 19. b4 a6 20. b5 axb5
21. Nxb5 d5 22. Bf3 Ba6 23. Bxe7 Nxe7 24. Nc7 Kh7 25. Rxa6 Rxa6 26. Nxa6 Rc8
27. Rd1 Kg6 28. Nb4 Rc5 29. g3 Kf5 30. Nxd5 Ng6 31. Nxb6 Ne5 32. Be2 Rc2 33.
Bd3+ Nxd3 34. Rxd3 Ke4 35. Rd4+ Kf3 36. Rf4+ Ke2 37. Rxf7 h4 38. Kg2 Rc6 39.
Nd5 g5 40. gxh4 Rc5 41. Rf5 Rc8 42. hxg5 Rg8 43. Nf4+ Kd2 44. h4 Ke1 45. g6 Rd8
46. h5 Rh8 47. g7 Rg8 48. h6 Re8 49. h7 Rc8 50. g8=Q Rd8 51. h8=Q Rd5 52. Qa1+
Rd1 53. Qxd1+ Kxd1 54. Qg4+ 1-0

[Event "Vårsjakken i Tromsø NGP 2025"]
[Site "Kongsbakken"]
[Date "2025.03.23"]
[Round "6"]
[White "Mela, Ronny S"]
[Black "Bakkevoll, Johannes"]
[Result "1/2-1/2"]
[WhiteElo "1675"]
[BlackElo "1579"]
[PlyCount "136"]
[EventDate "2025.??.??"]

1. d4 d5 2. Bf4 Nf6 3. e3 c5 4. c3 Qb6 5. Qb3 c4 6. Qxb6 axb6 7. Nd2 Bf5 8. b4
Ra3 9. Bxb8 Rxc3 10. a3 Rc2 11. Be2 c3 12. Nb3 Rb2 13. Nc1 c2 14. Bb5+ Kd8 15.
Nge2 Rb1 16. Ra2 Ne4 17. O-O Nd2 18. Re1 Nc4 19. Ba4 e6 20. Bxc2 Bxc2 21. Rxc2
Nxa3 22. Ra2 Bxb4 23. Rd1 Nc4 24. Bf4 Kd7 25. f3 Rc8 26. Rc2 h6 27. h4 f6 28.
Kf2 Ra8 29. Nc3 Bxc3 30. Rxc3 Rb2+ 31. Kg1 g5 32. hxg5 hxg5 33. Bg3 Ra1 34. Kh2
Rbb1 35. Re1 b5 36. Nd3 b4 37. Rxb1 Rxb1 38. Nc5+ Ke7 39. Rb3 Rxb3 40. Nxb3
Nxe3 41. Be1 Nc2 42. Bd2 Kd6 43. Kg3 Kc6 44. Kf2 Kb5 45. Ke2 Kc4 46. Na5+ Kxd4
47. Kd1 Ne3+ 48. Ke2 Nxg2 49. Bxb4 Nf4+ 50. Kd2 b6 51. Bc3+ Kc5 52. Nb7+ Kc6
53. Nd8+ Kd7 54. Bxf6 Nh3 55. Nf7 Nf4 56. Bxg5 Ng6 57. Be3 Ke7 58. Nh6 Ne5 59.
Bg5+ Kf8 60. f4 Nc4+ 61. Kd3 Kg7 62. Ng4 Nd6 63. Bf6+ Kg6 64. Ke3 Kf5 65. Kf3
Ne4 66. Bd4 Nd2+ 67. Kg3 Ne4+ 68. Kf3 Nd2+ 1/2-1/2

[Event "Vårsjakken i Tromsø NGP 2025"]
[Site "Kongsbakken"]
[Date "2025.03.23"]
[Round "6"]
[White "Strøm, Henrik M."]
[Black "Carstens, Ken M."]
[Result "1/2-1/2"]
[WhiteElo "1672"]
[BlackElo "1597"]
[PlyCount "128"]
[EventDate "2025.??.??"]

1. d4 Nf6 2. Bg5 e6 3. e4 Be7 4. Nd2 O-O 5. Ngf3 Nd5 6. Bxe7 Nxe7 7. Bd3 d6 8.
O-O Nbc6 9. c3 a5 10. Re1 Bd7 11. e5 Ng6 12. exd6 cxd6 13. Bxg6 fxg6 14. Ne4 d5
15. Nc5 Qc8 16. Qb3 Rb8 17. Ne5 Nxe5 18. Rxe5 b6 19. Nxd7 Qxd7 20. Rae1 Rf6 21.
R1e2 a4 22. Qd1 b5 23. Qe1 Re8 24. a3 Kf7 25. R2e3 Qc6 26. h4 h6 27. Qe2 Qc4
28. Qxc4 bxc4 29. f3 Rb8 30. Re2 Rb6 31. Kf2 Rf5 32. g4 Rxe5 33. dxe5 Ke7 34.
Ke3 Rb5 35. h5 g5 36. f4 gxf4+ 37. Kxf4 Kf7 38. g5 Kg8 39. gxh6 gxh6 40. Rg2+
Kh7 41. Ke3 Rb6 42. Kf3 Rb7 43. Ke3 Rb6 44. Kd4 Rc6 45. Rg6 Rb6 46. Kc5 Rxb2
47. Rxe6 d4 48. Kxd4 Rb3 49. Kxc4 Rxa3 50. Kb4 Ra1 51. Re7+ Kg8 52. Ra7 Rh1 53.
Rxa4 Rxh5 54. Ra5 Rh1 55. Kc5 Kf7 56. Kd6 Rd1+ 57. Kc7 Ke6 58. Ra6+ Kxe5 59.
Rxh6 Rc1 60. Rh3 Kd5 61. Kd7 Kc4 62. Kc6 Rxc3 63. Rh4+ Kb3+ 64. Kb5 Kb2 1/2-1/2

[Event "Vårsjakken i Tromsø NGP 2025"]
[Site "Kongsbakken"]
[Date "2025.03.23"]
[Round "6"]
[White "Wintervold, Ask"]
[Black "Rostad, Øystein"]
[Result "0-1"]
[WhiteElo "1462"]
[BlackElo "1576"]
[PlyCount "119"]
[EventDate "2025.??.??"]

1. d4 d5 2. c4 c6 3. Nc3 Nf6 4. Bg5 Ne4 5. Nxe4 dxe4 6. e3 Qa5+ 7. Qd2 Qxg5 8.
c5 Bf5 9. Ne2 Nd7 10. Ng3 e6 11. Be2 Qd8 12. O-O Be7 13. Qc2 O-O 14. Nxe4 Bxe4
15. Qxe4 Nf6 16. Qc2 Rc8 17. Qa4 a6 18. Qb3 Qc7 19. a4 a5 20. Qc3 b6 21. cxb6
Qxb6 22. Bf3 c5 23. dxc5 Qxc5 24. Qxc5 Rxc5 25. Rab1 Rb8 26. h3 g6 27. Rfe1 Nd5
28. Bxd5 Rxd5 29. Re2 Bb4 30. f3 Rbd8 31. Kf2 Rd1 32. Rxd1 Rxd1 33. Rc2 Rd2+
34. Rxd2 Bxd2 35. Ke2 Bb4 36. e4 Kf8 37. b3 Ke7 38. e5 f6 39. exf6+ Kxf6 40.
Ke3 h5 41. g4 h4 42. Ke4 g5 43. Kd4 e5+ 44. Ke4 Ke6 45. Kd3 Kd5 46. Ke3 Kc5 47.
Kd3 Ba3 48. Kc3 Bc1 49. Kc2 Kb4 50. Kxc1 Kxb3 51. Kb1 Kxa4 52. Kb2 Kb4 53. Kc2
a4 54. Kb2 a3+ 55. Kc2 Kc4 56. Kb1 Kd3 57. Ka2 Ke3 58. Kxa3 Kxf3 59. Kb3 e4 60.
Kc2 0-1

[Event "Vårsjakken i Tromsø NGP 2025"]
[Site "Kongsbakken"]
[Date "2025.03.23"]
[Round "6"]
[White "Groven, Henry"]
[Black "Strøm, Bjørn M."]
[Result "0-1"]
[WhiteElo "1468"]
[BlackElo "1562"]
[PlyCount "52"]
[EventDate "2025.??.??"]

1. d4 e6 2. Nf3 d5 3. Bf4 Nf6 4. e3 Be7 5. c4 c5 6. Nc3 O-O 7. Qc2 Nc6 8. Rd1
Nb4 9. Qb1 b6 10. a3 Nc6 11. Be2 Bb7 12. O-O Nh5 13. Bg3 Nxg3 14. fxg3 cxd4 15.
exd4 Na5 16. cxd5 Bxd5 17. Nxd5 Qxd5 18. Rc1 Rac8 19. Ba6 Rxc1 20. Rxc1 Bf6 21.
b4 Nb7 22. Kh1 Nd6 23. Qb2 Rd8 24. Ne5 Bxe5 25. dxe5 Ne4 26. Rc8 Qd1+ 0-1

[Event "Vårsjakken i Tromsø NGP 2025"]
[Site "Kongsbakken"]
[Date "2025.03.23"]
[Round "6"]
[White "Schouten, Ken R."]
[Black "Sæther, Maria"]
[Result "1-0"]
[WhiteElo "1550"]
[BlackElo "1431"]
[PlyCount "131"]
[EventDate "2025.??.??"]

1. d4 d5 2. Nc3 c6 3. Bf4 Bf5 4. e3 Nf6 5. Bd3 Ne4 6. Nf3 Nd7 7. O-O e6 8. Bxe4
dxe4 9. Nd2 Nf6 10. Bg5 Be7 11. Bxf6 Bxf6 12. Ncxe4 O-O 13. Nxf6+ Qxf6 14. c3
Bd3 15. Re1 Bb5 16. c4 Ba6 17. Ne4 Qe7 18. Qa4 Rfc8 19. Nc5 Rab8 20. b3 Qc7 21.
Nxa6 bxa6 22. Qxa6 Rb6 23. Qa5 Qb7 24. Reb1 Ra6 25. Qc3 Ra3 26. Qd2 Qa6 27. Rd1
h6 28. Qb2 Rb8 29. h3 Qa5 30. e4 Kf8 31. Rd3 Qb4 32. Qc3 a5 33. Qxb4+ axb4 34.
d5 Rd8 35. d6 c5 36. e5 g6 37. f4 h5 38. Kf2 Rd7 39. Kf3 Kg7 40. Ke4 f5+ 41.
exf6+ Kxf6 42. g4 h4 43. g5+ Kf7 44. Ke5 Ra5 45. Rd2 Ra3 46. Rg1 Ra5 47. Rg4
Raa7 48. Rxh4 Rab7 49. Rh7+ Kg8 50. Rxd7 Rxd7 51. Kxe6 Ra7 52. d7 Ra6+ 53. Ke7
Ra7 54. Ke8 Kg7 55. d8=Q Rf7 56. Rd7 Rxd7 57. Qxd7+ Kg8 58. Qf7+ Kh8 59. Qf8+
Kh7 60. Qh6+ Kg8 61. Qxg6+ Kh8 62. Qd6 Kg7 63. f5 Kg8 64. f6 Kh7 65. f7 Kg7 66.
Qh6# 1-0

[Event "Kongsbakken"]
[Site "Kongsbakken"]
[Date "2025.03.23"]
[Round "7"]
[White "Strøm, Bjørn M."]
[Black "Mathisen, Pal S."]
[Result "1-0"]
[WhiteElo "1562"]
[BlackElo "1754"]
[PlyCount "62"]
[EventDate "2025.??.??"]

1. d4 Nf6 2. Nf3 e6 3. Bg5 d5 4. e3 Be7 5. Bd3 h6 6. Bh4 Nbd7 7. O-O O-O 8.
Nbd2 c5 9. c4 cxd4 10. Nxd4 Ne5 11. Be2 Nxc4 12. Nxc4 dxc4 13. Bxc4 Ne4 14.
Bxe7 Qxe7 15. Qc2 Nf6 16. Rad1 a6 17. a3 e5 18. Nf5 Bxf5 19. Qxf5 g6 20. Qxg6+
Kh8 21. Qxh6+ Kg8 22. h4 b5 23. Ba2 Rad8 24. h5 Nh7 25. Rxd8 Qxd8 26. Qg6+ Kh8
27. Bxf7 Qe7 28. Ba2 Nf6 29. Rd1 e4 30. h6 Nh7 31. Rd4 Ng5 1-0

[Event "Vårsjakken i Tromsø NGP 2025"]
[Site "Kongsbakken"]
[Date "2025.03.23"]
[Round "7"]
[White "Sørensen, Olav N."]
[Black "Mela, Ronny S"]
[Result "1-0"]
[WhiteElo "1646"]
[BlackElo "1675"]
[PlyCount "86"]
[EventDate "2025.??.??"]

1. e4 c5 2. Nc3 e6 3. d4 cxd4 4. Qxd4 Nc6 5. Qe3 a6 6. Bd2 b5 7. O-O-O Qc7 8.
f4 d6 9. Nf3 Nf6 10. Kb1 Be7 11. g4 b4 12. Na4 Rb8 13. g5 Nd7 14. f5 Nde5 15.
Qf4 Nxf3 16. Qxf3 exf5 17. Bd3 Ne5 18. Qf1 Nxd3 19. Qxd3 fxe4 20. Qd4 O-O 21.
Bxb4 Rd8 22. Bc3 f6 23. Rhg1 Rf8 24. Rdf1 Qd8 25. gxf6 Bxf6 26. Rxf6 Rxf6 27.
Qxf6 Qxf6 28. Bxf6 g6 29. Rd1 Bd7 30. Nc3 Bf5 31. Rxd6 e3 32. Rd8+ Rxd8 33.
Bxd8 Bg4 34. b4 Kf7 35. a4 Ke6 36. b5 axb5 37. axb5 Kd6 38. Ne4+ Kd7 39. Ba5
Bf3 40. Nf6+ Kd6 41. Bb4+ Kc7 42. c4 Be2 43. Nd5+ Kb7 1-0

[Event "Vårsjakken i Tromsø NGP 2025"]
[Site "Kongsbakken"]
[Date "2025.03.23"]
[Round "7"]
[White "Strøm, Henrik M."]
[Black "Ricaud, Anthonin"]
[Result "1-0"]
[WhiteElo "1672"]
[BlackElo "1491"]
[PlyCount "73"]
[EventDate "2025.??.??"]

1. d4 d5 2. Bf4 Nc6 3. e3 Bf5 4. Bd3 Bxd3 5. cxd3 e6 6. Nf3 Bd6 7. Ne5 f6 8.
Qh5+ g6 9. Nxg6 hxg6 10. Qxh8 Bb4+ 11. Nc3 Nce7 12. a3 Bd6 13. Bxd6 Qxd6 14.
Qh3 O-O-O 15. Rc1 Qb6 16. Rc2 Qb3 17. Qxe6+ Kb8 18. Kd2 Rd6 19. Qf7 a6 20. Rhc1
c6 21. Ne4 Qxc2+ 22. Rxc2 dxe4 23. dxe4 f5 24. exf5 gxf5 25. h4 Rd7 26. Qe6 Kc7
27. h5 Rd6 28. Qe5 Kd7 29. Qg7 Rh6 30. g4 fxg4 31. Qxg4+ Kc7 32. Rc5 Nf6 33.
Qf4+ Kb6 34. Qxh6 Ne4+ 35. Ke2 Nxc5 36. dxc5+ Kxc5 37. Qg5+ 1-0

[Event "Vårsjakken i Tromsø NGP 2025"]
[Site "Kongsbakken"]
[Date "2025.03.23"]
[Round "7"]
[White "Bakkevoll, Johannes"]
[Black "Carstens, Ken M."]
[Result "0-1"]
[WhiteElo "1579"]
[BlackElo "1597"]
[PlyCount "86"]
[EventDate "2025.??.??"]

1. d4 Nf6 2. Bf4 c6 3. c3 Qb6 4. Qb3 Nh5 5. Bg3 Nxg3 6. hxg3 Qxb3 7. axb3 b5 8.
Nf3 f6 9. e4 d6 10. d5 Bb7 11. c4 b4 12. Nbd2 c5 13. Nh4 Kf7 14. Be2 g6 15. f4
Nd7 16. Nhf3 a5 17. Kf2 Bg7 18. Ra2 Ra7 19. Rha1 Rha8 20. Bd1 Nb6 21. Bc2 Bc8
22. Ke3 Bd7 23. Kd3 a4 24. bxa4 f5 25. e5 dxe5 26. Nxe5+ Bxe5 27. fxe5 e6 28.
d6 Bc6 29. Nf3 h6 30. b3 Nd7 31. Re1 Kg7 32. Bd1 g5 33. Ng1 Be4+ 34. Rxe4 fxe4+
35. Kxe4 Rf8 36. Bg4 Rf1 37. Ne2 Nf8 38. Bf3 Kg6 39. g4 Rb1 40. Ng3 Rxb3 41.
Rd2 Nd7 42. Nh5 Rc3 43. Be2 b3 0-1

[Event "Vårsjakken i Tromsø NGP 2025"]
[Site "Kongsbakken"]
[Date "2025.03.23"]
[Round "7"]
[White "Rostad, Øystein"]
[Black "Groven, Henry"]
[Result "1/2-1/2"]
[WhiteElo "1576"]
[BlackElo "1468"]
[PlyCount "57"]
[EventDate "2025.??.??"]

1. d4 Nf6 2. c4 e6 3. Nf3 b6 4. Bg5 Bb7 5. e3 d5 6. cxd5 exd5 7. Bd3 Bd6 8. O-O
Nbd7 9. Nc3 O-O 10. Rc1 Re8 11. Nb5 h6 12. Nxd6 cxd6 13. Bh4 Rc8 14. h3 Rxc1
15. Qxc1 Qb8 16. Bb5 Rc8 17. Qb1 Bc6 18. Bxc6 Rxc6 19. Rc1 Qc8 20. Rxc6 Qxc6
21. Bg3 Ne4 22. Bh2 Ndf6 23. Ne1 Qc4 24. Nd3 Nd2 25. b3 Qc3 26. Qc1 Qxd3 27.
Bxd6 Nfe4 28. Qc8+ Kh7 29. Qf5+ 1/2-1/2

[Event "Vårsjakken i Tromsø NGP 2025"]
[Site "Kongsbakken"]
[Date "2025.03.23"]
[Round "7"]
[White "Schouten, Ken R."]
[Black "Wintervold, Ask"]
[Result "1-0"]
[WhiteElo "1550"]
[BlackElo "1462"]
[PlyCount "70"]
[EventDate "2025.??.??"]

1. d4 Nf6 2. Nc3 c5 3. d5 d6 4. e4 Nbd7 5. Nf3 g6 6. Be2 Bg7 7. O-O O-O 8. h3
b6 9. Bf4 Bb7 10. Qd2 Re8 11. Rad1 a6 12. a4 Qc7 13. Rfe1 Ra7 14. Bf1 Nh5 15.
Bh2 Ne5 16. Nxe5 Bxe5 17. Bxe5 dxe5 18. d6 exd6 19. Qxd6 Qxd6 20. Rxd6 b5 21.
axb5 axb5 22. Bxb5 Rea8 23. Bc4 Ra1 24. Rxa1 Rxa1+ 25. Kh2 Rc1 26. Rd7 Bc6 27.
Rxf7 Kh8 28. Rc7 Bxe4 29. Nxe4 Rxc2 30. Rxc5 Rxb2 31. Rxe5 Kg7 32. Re7+ Kh6 33.
Bg8 Nf6 34. Nxf6 Rxf2 35. Ng4+ Kg5 1-0

[Event "Vårsjakken i Tromsø NGP 2025"]
[Site "Kongsbakken"]
[Date "2025.03.23"]
[Round "7"]
[White "Sæther, Maria"]
[Black "Arneberg, Isak"]
[Result "0-1"]
[WhiteElo "1431"]
[BlackElo "1435"]
[PlyCount "32"]
[EventDate "2025.??.??"]

1. e4 c6 2. Nc3 d5 3. d3 d4 4. Nce2 e5 5. f4 Bd6 6. fxe5 Bxe5 7. Nf3 Nd7 8.
Nfxd4 c5 9. Nf5 Nb6 10. Nc3 Bxf5 11. exf5 Qh4+ 12. Kd2 Bf4+ 13. Ke2 Qg4+ 14.
Kf2 Qh4+ 15. Kg1 Bxc1 16. Rxc1 Qd4# 0-1